U2 Hamburg Stadtteile - Statistiken

Allgemein
  • Dieses Quiz wurde 22 mal gespielt
  • Das Durchschnittsergebnis liegt bei 14 aus 25
Antwortstatistiken
U-Bahn-Station Stadtteil % Korrekt
Horner Rennbahn Horn
94%
Billstedt Billstedt
88%
Legienstraße Horn
81%
Mümmelmannsberg Billstedt
75%
Steinfurther Allee Billstedt
69%
Merkenstraße Billstedt
69%
Hauptbahnhof Nord St. Georg / Hamburg Altstadt
69%
Rauhes Haus Hamm
63%
Hammer Kirche Hamm
63%
Burgstraße Hamm
63%
Niendorf Nord Niendorf
63%
Berliner Tor St. Georg
63%
Niendorf Markt Niendorf
56%
Schlump Eimsbüttel
44%
Christuskirche Eimsbüttel
44%
Jungfernstieg Neustadt
44%
Gänsemarkt Neustadt
44%
Joachim-Mähl-Straße Niendorf
44%
Schippelsweg Niendorf
44%
Emilienstraße Eimsbüttel
38%
Osterstraße Eimsbüttel
38%
Lutterothstraße Eimsbüttel
38%
Hagenbecks Tierpark Stellingen
31%
Messehallen St. Pauli
31%
Hagendeel Lokstedt
25%
Keine übereinstimmenden Quizze gefunden
Verteilung der Resultate
Anzahl Personen mit jedem Resultat
Perzentil nach korrekt beantworteten Fragen
Ihre Resultats-Entwicklung
Sie haben dieses Quiz noch nicht gespielt